Common diseases and cure/ (Record no. 168201)

MARC details
000 -LEADER
fixed length control field 00545nam a22001937a 4500
005 - DATE AND TIME OF LATEST TRANSACTION
control field 20190928133533.0
010 ## - LCCN (DPL NO)
LC control number B-218673
020 ## - INTERNATIONAL STANDARD BOOK NUMBER
International Standard Book Number 8183820557
Terms of availability 95.00
035 ## - SYSTEM CONTROL NUMBER
System control number B-218673
082 ## - DEWEY DECIMAL CLASSIFICATION NUMBER
Edition number 616
Item number SHA
100 ## - MAIN ENTRY--PERSONAL NAME
Personal name Sharma, Rajeeb
245 ## - TITLE STATEMENT
Title Common diseases and cure/
Statement of responsibility, etc by Rajeev Sharma
260 ## - PUBLICATION, DISTRIBUTION, ETC. (IMPRINT)
Place of publication, distribution, etc New Delhi
Name of publisher, distributor, etc Lotus Press
Date of publication, distribution, etc 2006
270 ## - ADDRESS
Address 4263/3, Ansari Road Darya Ganj
City New Delhi
Postal code 110002
300 ## - PHYSICAL DESCRIPTION
Extent 171p.
Dimensions 24cm(pbk)
650 ## - SUBJECT ADDED ENTRY--TOPICAL TERM
Topical term or geographic name as entry element Medical science
650 ## - SUBJECT ADDED ENTRY--TOPICAL TERM
Topical term or geographic name as entry element Health care
942 ## - ADDED ENTRY ELEMENTS (KOHA)
Source of classification or shelving scheme Dewey Decimal Classification
Item type English Books
Classification part 616
Call number suffix SHA
Holdings
Withdrawn status Lost status Not for loan Collection code Home library Current library Date acquired Cost, normal purchase price Full call number Barcode Cost, replacement price Koha item type
      Non-fiction Sarojini Nagar Sarojini Nagar 04/02/2025 95.00 616 SHA B-218653 95.00 English Books

© Delhi Public Library
Hit Counter
free hit counter